<?xml version="1.0" encoding="UTF-8"?>
<record
    xmlns:xsi="http://www.w3.org/2001/XMLSchema-instance"
    xsi:schemaLocation="http://www.loc.gov/MARC21/slim http://www.loc.gov/standards/marcxml/schema/MARC21slim.xsd"
    xmlns="http://www.loc.gov/MARC21/slim">

  <leader>01352nam a2200265   4500</leader>
  <controlfield tag="001">agr68000206 </controlfield>
  <controlfield tag="003">DLC</controlfield>
  <controlfield tag="005">20260227111030.0</controlfield>
  <controlfield tag="008">691028s1968    dcua     b    000 0 eng c</controlfield>
  <datafield tag="010" ind1=" " ind2=" ">
    <subfield code="a">agr68000206 </subfield>
  </datafield>
  <datafield tag="040" ind1=" " ind2=" ">
    <subfield code="a">U.S. Nat'l Agr. Libr.</subfield>
    <subfield code="c">DLC</subfield>
    <subfield code="d">DLC</subfield>
  </datafield>
  <datafield tag="050" ind1="1" ind2="0">
    <subfield code="a">HD1751</subfield>
    <subfield code="b">.A91854 no. 137</subfield>
  </datafield>
  <datafield tag="070" ind1="0" ind2=" ">
    <subfield code="a">A281.9 Ag8A no. 137</subfield>
  </datafield>
  <datafield tag="100" ind1="1" ind2=" ">
    <subfield code="a">Manchester, Alden Coe,</subfield>
    <subfield code="d">1922-</subfield>
  </datafield>
  <datafield tag="245" ind1="1" ind2="4">
    <subfield code="a">The structure of fluid milk markets;</subfield>
    <subfield code="b">two decades of change</subfield>
    <subfield code="c">[by Alden C. Manchester.</subfield>
  </datafield>
  <datafield tag="260" ind1=" " ind2=" ">
    <subfield code="a">Washington]</subfield>
    <subfield code="b">U.S. Dept. of Agriculture, Economic Research Service</subfield>
    <subfield code="c">[1968]</subfield>
  </datafield>
  <datafield tag="300" ind1=" " ind2=" ">
    <subfield code="a">iv, 51 p.</subfield>
    <subfield code="b">illus.</subfield>
    <subfield code="c">26 cm.</subfield>
  </datafield>
  <datafield tag="440" ind1=" " ind2="0">
    <subfield code="a">Agricultural economic report</subfield>
    <subfield code="v">no. 137</subfield>
  </datafield>
  <datafield tag="500" ind1=" " ind2=" ">
    <subfield code="a">Updates and extends the author's Nature of competition in fluid milk markets; market organization and concentration, issued as U.S. Dept. of Agriculture, Agricultural economic report no. 67, and Organization and competition in the dairy industry, by L. E. Juers, issued as National Commission on Food Marketing, Technical study no. 3.</subfield>
  </datafield>
  <datafield tag="504" ind1=" " ind2=" ">
    <subfield code="a">Bibliographical footnotes.</subfield>
  </datafield>
  <datafield tag="650" ind1=" " ind2="0">
    <subfield code="a">Milk trade</subfield>
    <subfield code="z">United States.</subfield>
  </datafield>
  <datafield tag="650" ind1=" " ind2="3">
    <subfield code="a">Milk</subfield>
    <subfield code="x">Marketing.</subfield>
  </datafield>
  <datafield tag="700" ind1="1" ind2=" ">
    <subfield code="a">Manchester, Alden Coe,</subfield>
    <subfield code="d">1922-</subfield>
    <subfield code="t">Nature of competition in fluid milk markets; market organization and concentration.</subfield>
  </datafield>
  <datafield tag="700" ind1="1" ind2=" ">
    <subfield code="a">Juers, Linley E.</subfield>
    <subfield code="t">Organization and competition in the dairy industry.</subfield>
  </datafield>
  <datafield tag="999" ind1=" " ind2=" ">
    <subfield code="c">12510</subfield>
    <subfield code="d">12510</subfield>
  </datafield>
</record>
